000
00192 a2200097 4500
020
_a
9780395616352
041
_a
spa
100
_a
B;Barrera,Rosalinda
245
_a
Siempre Soąba
942
_c
BK
999
_c
31770
_d
31768